Quizzes
Events
Quiz Creation
Community
Videos
Private Events
Remove Ads
Sign In
Join for FREE
Feedback
Dark Mode
Quiz Categories
Sports
Geography
Music
Movies
Television
Just For Fun
Miscellaneous
History
Literature
Language
Science
Gaming
Entertainment
Religion
Holiday
For Kids
Quiz Lab
Recent
Popular Today
Quiz Kudos Today
Editor Picks
Curator Picks
Quizzes by...
Day
Popularity
Type
Ratings
Length
Year
Community
Subscriptions
Recent Discussions
Orange Saloon
Badges
Playlists
Quests
Create
Leaderboards
Showdown
Live 5
Trivia Bingo
Activity
Puzzle Library
Sporcle Events
Private Events
Virtual Trivia
Globe League
Become a Host
Pub Owners
SporcleCon
Opinionation
Our Games
Videos
Blog
Mobile Apps
Partnerships
Remove Ads and Go Orange
Feedback
Sports
Athletes
MLB
NBA
NHL
NFL
Soccer
Sports Teams
WWE
NCAA
Football
Premier League
Basketball
Baseball
Hockey
Golf
Tennis
Cricket
Rugby
Auto Racing
Olympics
World Cup
Sports
Athletes
MLB
NBA
NHL
NFL
Soccer
Sports Teams
WWE
NCAA
Football
Premier League
Basketball
Baseball
Hockey
Golf
Tennis
Cricket
Rugby
Auto Racing
Olympics
World Cup
Random Quiz
Search Sporcle
×
Quiz Lab
Quiz Lab
Sports
WWE
Type answers based on single images at one time
Type answers based on single images at one time
Slideshow
Best Score? Go Orange.
Wrestlers being hit by the RKO Stats
Can you name the Wrestlers being hit by the RKO?
By
raheemnaz01
10m
40 Questions
478 Plays
478 Plays
478 Plays
Comments
Comments
Give Quiz Kudos
Give Quiz Kudos
-
- Ratings
hide this ad
Replay
Link that replays current quiz
Next Quiz
Link to next quiz in quiz playlist
You Got
0%
They Got
Avg Score
71%
Avg Friend Score
Upgrade to see
Score Distribution
Jump to the score distribution portion of the page
Score
0/40
Timer
10:00
0
Plays Today
% Correct
Jeff Hardy
96%
CM Punk
92.3%
Seth Rollins
89.5%
John Cena
88.1%
Ric Flair
82%
R-Truth
81.8%
Batista
81.2%
Rey Mysterio
80.8%
Kane
80.5%
The Miz
80.5%
Big E
80.3%
Kofi Kingston
79.7%
Cesaro
79.7%
Dolph Ziggler
79.5%
Evan Bourne
79.1%
Roman Reigns
77.8%
Jack Swagger
75.9%
Triple H
74.1%
Edge
72.8%
Shane McMahon
72%
% Correct
Christian
71.5%
Cody Rhodes
70.9%
Bray Wyatt
69.9%
Mark Henry
69%
The Great Khali
68.4%
Shawn Michaels
67.6%
Baron Corbin
67.4%
Rob Van Dam
66.7%
Sheamus
65.5%
Wade Barrett
63.8%
AJ Styles
63.8%
Brock Lesnar
63.6%
Dean Ambrose
62.1%
Carlito
59.2%
The Big Show
58.2%
Jinder Mahal
57.1%
Alberto Del Rio
56.9%
Justin Gabriel
54.4%
Tyson Kidd
54.4%
Stacy Keibler
21.8%
Quiz Playlist
Details
Report
Send in Message
Add To Playlist
Slideshow:
Type answers based on single images at one time
Last Updated: May 31, 2017
Quiz Scoreboard
CHALLENGE
Sign Up to Join the Scoreboard
Show All
Scores
Hide
Comments
May contain spoilers
Recently Published
9x9 Crossword: Cartoon Network
by jackfrog10
Miscellaneous
3m
College Basketball Coaching Resumes
by pancakes188
Sports
9m
Billboard Blitz: Fleetwood Mac
by CooCooCachoo
Music
15s
More to Explore
Quiz From the Vault
Featured Blog Post
Where Did the Easter Bunny Come From?
hide this ad
You Might Also Like...
Tags
WWE Quiz
Pro Wrestling
Randy Orton
Raw
Raw Opponents
Raw Roster
RAW Superstars
Wrestling
WWE Champions
WWF Wrestling
Today's Top Quizzes in Sports
Browse Sports
hide this ad
Today's Top Quizzes in WWE
Browse WWE
Top Contributed Quizzes in Sports
1
2022 World Cup Stars
2
Les meilleurs buteurs des matchs entre le PSG et l’OM
3
FIFA Club World Cup Champions
4
Les entraîneurs de l'OM et du PSG au 21e siècle
5
Criteria MLB: Left Handed Sluggers
6
AFC Teams Reveal (Wrong Answers Minefield)
7
2023 MLB Unique Player Accomplishments
8
5-to-1: FBS Animal Nicknames
9
Players with Multiple 50 Home Run Seasons
10
5-to-1: UK Sports Teams
Explore More
Trending Topics
Crossword
Disney
Kpop
Harry Potter
Anime
NBA
Marvel
NFL
Soccer
Song
Pokémon
The Office
WWE
Country
Puzzle
hide this ad
More By:
raheemnaz01
Quiz
Plays
Rating
Category
Featured
Created
10 Layers of Google Translate: TV Shows
5,034
4.76
Television
Jan 4, 2020
10 Layers of Google Translate: James Bond Movies
4,158
4.76
Movies
Jan 15, 2020
Name the Eastenders Characters?
4,005
4.67
Television
Feb 17, 2015
10 Layers of Google Translate: Harry Potter Locations
3,151
5.00
Literature
Feb 4, 2023
Wrestlers beginning with A
2,921
3.37
Sports
Feb 18, 2015
Go to Creator's Profile
Score Distribution
Quiz Creator Spotlight
raheemnaz01
Follow
Send a Message
Quizzes Created
-
Created Quiz Play Count
-
More By This Creator
Popular Quizzes Today
1
Find the US States - No Outlines Minefield
2
Find the Countries of Europe - No Outlines Minefield
3
The Countries of the World
4
Find the US States
5
Risky Map Clicking: Biggest States A-Z
6
US States
7
Popular People in 1961
8
Movies - When Are They Set?
More Sports Quizzes
Rapper or Kentucky Derby Winner?
Published
Trending Quizzes
Risky Map Clicking: Least Populous States A-Z
1-10 Letter G Words
1-10 Letter F Words
Risky Map Clicking: Next State Alphabetically
Adjectives in 80s TV Shows
Recently Updated
Leaping Animals
pecheneg
Reality TV Shows (A-Z)
bhenderson79
Rickey Henderson's Hall of Fame Teammates
pecheneg
Champions League XIs: Arsenal
pecheneg
Quick Pick: Celebrities in WWE's Hall of Fame
aduchscher
A-Z Keypad Blitz II
pecheneg
Multiple Oscar Actors
pecheneg
Mystery Phrase Blitz: Oscar 'Best Actors'
pecheneg
F. Scott Fitzgerald Novels
LTH
Pick 3 Villains
ddd62291
Trending Topics
Kpop
Harry Potter
Crossword
Disney
Marvel
NBA
Anime
The Office
WWE
Pokémon
Song
Country
NFL
Puzzle
Soccer
Your Account Isn't Verified!
In order to create a playlist on Sporcle, you need to verify the email address you used during registration. Go to your
Sporcle Settings
to finish the process.
Report this User
Report this user for behavior that violates our
Community Guidelines
.
Details:
Send Report
Go to the Sporcle.com Mobile Site →
Comments